Proceedings of the ... , Kuala Selangor, 29 September - 1 October 1997

Bibliographic Details
Corporate Author: WORKSHOP on Sustainable Management of Peat Swamp Forest
Other Authors: Chin, Havmoller, Razani Ujang
Format: Book
Published: Kuala Lumpur : Forestry Department, State Forestry Department, Selangor; Malaysian-DANCED Project , (1997)
Subjects:

MARC

LEADER 00000cam a2200000 7i4500
001 0000001209
005 20040225.0
090 0 0 |a JPSM333.95316   |b WOR 1997 
110 1 0 |a WORKSHOP on Sustainable Management of Peat Swamp Forest   |k 1997   |j Kuala Selangor, Selangor 
245 1 0 |a Proceedings of the ... , Kuala Selangor, 29 September - 1 October 1997   |c edited by Palle Havmoller, Chin Tuck Yuan, Razani Ujang 
260 0 0 |a Kuala Lumpur :   |b Forestry Department, State Forestry Department, Selangor; Malaysian-DANCED Project ,   |c (1997) 
300 |a 99 p. :   |b icol. ill., maps ;   |c 30 cm. 
500 0 0 |a Includes bibliographical references 
650 0 0 |a Swamp ecology   |x Congresses 
650 0 0 |a Swamp plants   |x Congresses 
650 0 0 |a Wetland conservation   |x Congresses 
700 0 1 |a Chin   |h Tuck Yuan 
700 0 1 |a Havmoller   |h Palle 
700 0 1 |a Razani Ujang 
998 |a JPSM 
999 |a 0000004311   |b Monograph   |c Open Shelf   |e Default branch